உரத்து பேசும் உள்மனம் (Record no. 4320)

MARC details
000 -LEADER
fixed length control field 00524nam a22001817a 4500
003 - CONTROL NUMBER IDENTIFIER
control field LK-CoMWRAF
005 - DATE AND TIME OF LATEST TRANSACTION
control field 20240217002826.0
008 - FIXED-LENGTH DATA ELEMENTS--GENERAL INFORMATION
fixed length control field 231208b |||||||| |||| 00| 0 eng d
020 ## - INTERNATIONAL STANDARD BOOK NUMBER
International Standard Book Number 9556250212
040 ## - CATALOGING SOURCE
Original cataloging agency LK-CoMWRAF
Modifying agency LK-CoMWRAF
Description conventions LK-CoMWRAF
041 ## - LANGUAGE CODE
Language code of text/sound track or separate title Tamil
082 ## - DEWEY DECIMAL CLASSIFICATION NUMBER
Classification number 821
Item number CUL
942 ## - ADDED ENTRY ELEMENTS (KOHA)
Koha item type Books
100 ## - MAIN ENTRY--PERSONAL NAME
Personal name சுல்பிகா
245 ## - TITLE STATEMENT
Title உரத்து பேசும் உள்மனம்
260 ## - PUBLICATION, DISTRIBUTION, ETC. (IMPRINT)
Place of publication, distribution, etc. Colombo :
Name of publisher, distributor, etc. Muslim Women's Research and Action Forum - MWRAF,
Date of publication, distribution, etc. 2003
300 ## - PHYSICAL DESCRIPTION
Extent 101 p.
Holdings
Withdrawn status Lost status Damaged status Not for loan Collection code Permanent Location Current Location Date acquired Full call number Barcode Koha item type
        MWRAF Publications Resource center, Muslim Women's Research And Action Forum Resource center, Muslim Women's Research And Action Forum 2023-12-09 821 CUL RAF2947 Books
        MWRAF Publications Resource center, Muslim Women's Research And Action Forum Resource center, Muslim Women's Research And Action Forum 2023-12-09 821 CUL RAF2948 Books
        MWRAF Publications Resource center, Muslim Women's Research And Action Forum Resource center, Muslim Women's Research And Action Forum 2023-12-09 821 CUL RAF2949 Books

Copyright © 2023 Muslim Women's Research and Action Forum (MWRAF), No 27/3, Anderson Road, Kalubowila, Dehiwela. Funded by The Asia Fundation